| Tag |
First Indicator |
Second Indicator |
Subfields |
| LEADER |
00000cam a2200000 a 4500 |
| 001 |
in00000001387 |
| 005 |
20151007050422.0 |
| 008 |
980921s1998 dcuabf b f000 0 eng d |
| 035 |
|
|
|a (OCoLC)39899840
|
| 035 |
|
|
|9 AJB2959AM
|
| 040 |
|
|
|d GPO
|d DLC
|d MvI
|d UtOrBLW
|
| 043 |
|
|
|a n-us-wy
|
| 049 |
|
|
|a UMIC
|
| 074 |
|
|
|a 0102-B-50
|
| 086 |
0 |
|
|a A 57.38/50:AL 1
|
| 100 |
1 |
|
|a Reckner, Ronald L.
|
| 245 |
1 |
0 |
|a Soil survey of Albany County area, Wyoming /
|c United States Department of Agriculture, Natural Resources Conservation Service ; in cooperation with the University of Wyoming Agricultural Experiment Station, the Forest Service, and the United States Department of the Interior, Bureau of Land Management.
|
| 264 |
|
1 |
|a [Washington, D.C.?] :
|b The Service,
|c [1998]
|
| 300 |
|
|
|a xi, 540 pages, 2 unnumbered folded leaves of plates :
|b illustrations, maps ;
|c 28 cm. +
|e 81 maps on 41 folded sheets ; in case 31 x 27 cm.
|
| 336 |
|
|
|a text
|b txt
|2 rdacontent
|
| 337 |
|
|
|a unmediated
|b n
|2 rdamedia
|
| 338 |
|
|
|a volume
|b nc
|2 rdacarrier
|
| 500 |
|
|
|a Cover title.
|
| 500 |
|
|
|a Shipping list number: 98-0048-S.
|
| 500 |
|
|
|a "Issued 1998"--P. viii.
|
| 504 |
|
|
|a Includes bibliographical references (page 223).
|
| 650 |
|
0 |
|a Soil surveys
|z Wyoming
|z Albany County.
|
| 650 |
|
0 |
|a Soils
|z Wyoming
|z Albany County
|x Maps.
|
| 710 |
1 |
|
|a United States.
|b Natural Resources Conservation Service.
|
| 710 |
2 |
|
|a University of Wyoming.
|b Agricultural Experiment Station.
|
| 710 |
1 |
|
|a United States.
|b Forest Service.
|
| 710 |
1 |
|
|a United States.
|b Bureau of Land Management.
|
| 999 |
|
|
|a MARS
|
| 999 |
f |
f |
|s 68fb1e9d-b52c-3fcc-a58f-be1518272172
|i f01b7e4b-6145-33ff-a34b-914a7e63d908
|t 0
|
| 952 |
f |
f |
|p normal
|a Texas A&M University
|b College Station
|c Sterling C. Evans Library
|d Evans: Maps (2nd floor)
|t 0
|e A 57.38/50:AL 1
|h Superintendent of Documents classification
|i unmediated -- volume
|m A14824392604
|
| 998 |
f |
f |
|a A 57.38/50:AL 1
|t 0
|l Evans: Maps (2nd floor)
|